Lecciones de Derecho Civil Chileno Tomo II De las fuentes de las obligaciones

Bibliographic Details
Main Author: Barcia Lehmann, Rodrigo
Format: eBook
Language:Spanish
Published: [Chile] : Editorial jurd̕ica de Chile, 2010.
Subjects:
Online Access:Acceso restringido

MARC

LEADER 00000nam a22000007a 4500
005 2011100306036.0
008 111003s2010 cl |||||s|||| 00||0 spa d
020 |a 978-956-10-1828-0  
035 |a 5816 
040 |a vLex 
090 |c 2581  |d 2581 
100 1 |a Barcia Lehmann, Rodrigo 
245 1 0 |a Lecciones de Derecho Civil Chileno  |h [Recurso electrn̤ico] /  |c Rodrigo Barcia Lehmann  |n Tomo II  |p De las fuentes de las obligaciones 
256 |a Servicio en ln̕ea. 
260 |a [Chile] :  |b Editorial jurd̕ica de Chile,  |c 2010. 
300 |a 1 recurso electrn̤ico 
506 1 |a Contenido solo disponible en los productos indicados  |d vLex Global  |d vLex Global (Academic Edition, excluding Law Schools)  |d vLex Global (U.S. Academic Edition, Law Schools)  |d vLex Global (U.S. Academic Edition, excluding Law Schools)  |d vLex Global (Academic Edition, Law Schools) 
650 0 4 |a Derecho civil  |z Chile 
740 0 |a vLex Libros (Servicio en ln̕ea) 
856 4 0 |u http://vlex.com/source/5816  |z Acceso restringido 
942 |c BOOK